| LEADER 00000nam 2200000uu 4500 |
| 001 13399123916 |
| 003 BCNT |
| 008 260701s||||||||th 000 0 tha d |
| 020 9786166235555
|
| 050 WY157 บ668ส 2568
|
| 060 4 WY157 บ668ส 2568
|
| 100 0 ^aบุศรา แสงสว่าง.
|
| 245 1 ^aสตรีที่มีภาวะเสี่ยงในระยะตั้งครรภ์ : การพยาบาลในระยะตั้งครรภ์ ระยะคลอด และระยะหลังคลอด =^bHigh-risk women in pregnancy : nursing care during pregnancy, delivery and postpartum period /^cบุศรา แสงสว่าง
|
| 246 3 ^aการพยาบาลในระยะตั้งครรภ์ ระยะคลอด และระยะหลังคลอด
|
| 250 ^aพิมพ์ครั้งที่ 1.
|
| 260 ^aกรุงเทพฯ :^bจุฬาลงกรณ์มหาวิทยาลัย,^c2568.
|
| 300 ^a220 หน้า
|
| 610 ^aการพยาบาลมารดาทารกและการผดุงครรภ์.
|
| 650 4 ^aการตั้งครรภ์
|
| 999 ^aparamin
|